000 00219nam a22000857a 4500
008 170621b xxu||||| |||| 00| 0 eng d
100 _93598
_aGoel. D, K
245 _aAccountancy Class -XII
260 _aNew Delhi
_bA. P. H
_c2008
999 _c6986
_d6986